Dr. S. R. Lasker Library Online Catalogue

Home      Library Home      Institutional Repository      E-Resources      MyAthens      EWU Home

The Bangladesh reader : (Record no. 8217)

MARC details
000 -LEADER
fixed length control field 03155nam a2200397 a 4500
001 - CONTROL NUMBER
control field 8217
003 - CONTROL NUMBER IDENTIFIER
control field BD-DhEWU
005 - DATE AND TIME OF LATEST TRANSACTION
control field 20180212153855.0
008 - FIXED-LENGTH DATA ELEMENTS--GENERAL INFORMATION
fixed length control field 180212s2013 ncuab g b 001 0 eng d
020 ## - INTERNATIONAL STANDARD BOOK NUMBER
International Standard Book Number 9780822353041 (cloth : alk. paper)
International Standard Book Number 0822353040
International Standard Book Number 9780822353188 (pbk. : alk. paper)
035 ## - SYSTEM CONTROL NUMBER
System control number (OCLC)816030845
040 ## - CATALOGING SOURCE
Original cataloging agency NcD/DLC
Transcribing agency NcD
Modifying agency DLC
-- BD-DhEWU
Language of cataloging eng
041 ## - LANGUAGE CODE
Language code of text/sound track or separate title eng
050 00 - LIBRARY OF CONGRESS CALL NUMBER
Classification number DS394.5
Item number .B364 2013
082 00 - DEWEY DECIMAL CLASSIFICATION NUMBER
Classification number 954.92
Edition number 23
Item number BAN 2013
245 04 - TITLE STATEMENT
Title The Bangladesh reader :
Remainder of title history, culture, politics /
Statement of responsibility, etc Meghna Guhathakurta and Willem van Schendel, eds.
260 ## - PUBLICATION, DISTRIBUTION, ETC. (IMPRINT)
Place of publication, distribution, etc Durham ;
-- London :
Name of publisher, distributor, etc Duke University Press,
Date of publication, distribution, etc c2013.
300 ## - PHYSICAL DESCRIPTION
Extent xiv, 550 p. :
Other physical details ill. (some col.), map ;
Dimensions 25 cm.
490 1# - SERIES STATEMENT
Series statement The world readers
504 ## - BIBLIOGRAPHY, ETC. NOTE
Bibliography, etc Includes bibliographical references and index.
505 0# - FORMATTED CONTENTS NOTE
Title TOC
Formatted contents note Voices from Bangladesh -- Early histories -- Colonial encounters -- Partition and Pakistan -- War and independence -- Dilemmas of nationhood -- Contemporary culture -- The development gaze -- Bangladesh beyond borders.
520 ## - SUMMARY, ETC.
Summary, etc <br/>Overview: Bangladesh is the world's eighth most populous country. It has more inhabitants than either Russia or Japan, and its national language, Bengali, ranks sixth in the world in terms of native speakers. Founded in 1971, Bangladesh is a relatively young nation, but the Bengal Delta region has been a major part of international life for more than 2,000 years, whether as an important location for trade or through its influence on Buddhist, Hindu, and Muslim life. Yet the country rarely figures in global affairs or media, except in stories about floods, poverty, or political turmoil. The Bangladesh Reader does what those portrayals do not: It illuminates the rich historical, cultural, and political permutations that have created contemporary Bangladesh, and it conveys a sense of the aspirations and daily lives of Bangladeshis. Intended for travelers, students, and scholars, the Reader encompasses first-person accounts, short stories, historical documents, speeches, treaties, essays, poems, songs, photographs, cartoons, paintings, posters, advertisements, maps, and a recipe. Classic selections familiar to many Bangladeshis-and essential reading for those who want to know the country-are juxtaposed with less-known pieces. The selections are translated from a dozen languages; many have not been available in English until now. Featuring eighty-three images, including seventeen in color, The Bangladesh Reader is an unprecedented, comprehensive introduction to the South Asian country's turbulent past and dynamic present.
526 ## - STUDY PROGRAM INFORMATION NOTE
Program name Economics
590 ## - LOCAL NOTE (RLIN)
Local note Sagar Shahanawaz
651 #0 - SUBJECT ADDED ENTRY--GEOGRAPHIC NAME
Geographic name Bangladesh
General subdivision History.
9 (RLIN) 22017
Geographic name Bangladesh
General subdivision Civilization.
9 (RLIN) 7778
Geographic name Bangladesh
General subdivision Politics and government.
9 (RLIN) 22018
700 1# - ADDED ENTRY--PERSONAL NAME
Personal name Guhathakurta, Meghna.
9 (RLIN) 22019
Personal name Schendel, Willem van.
9 (RLIN) 22020
856 42 - ELECTRONIC LOCATION AND ACCESS
Materials specified WorldCat details
Uniform Resource Identifier https://www.worldcat.org/title/bangladesh-reader-history-culture-politics/oclc/816030845&referer=brief_results
942 ## - ADDED ENTRY ELEMENTS (KOHA)
Source of classification or shelving scheme Dewey Decimal Classification
Koha item type Text
Holdings
Withdrawn status Lost status Source of classification or shelving scheme Damaged status Not for loan Collection code Home library Current library Shelving location Date acquired Source of acquisition Cost, normal purchase price Total Checkouts Full call number Barcode Date last seen Copy number Price effective from Koha item type Date checked out
    Dewey Decimal Classification   Not For Loan Non-fiction Dr. S. R. Lasker Library, EWU Dr. S. R. Lasker Library, EWU Reserve Section 25/01/2018 Karim International 1800.00   954.92 BAN 2013 28892 12/02/2018 C-1 12/02/2018 Text  
    Dewey Decimal Classification     Non-fiction Dr. S. R. Lasker Library, EWU Dr. S. R. Lasker Library, EWU Circulation Section 25/01/2018 Karim International 1800.00 1 954.92 BAN 2013 28893 29/12/2021 C-2 12/02/2018 Text 12/12/2021